000
00213 a2200097 4500
001
47848
100
_a
Jones C
245
_a
The Untemperel Wind
260
_a
London
_b
Longman Group Ltd
_c
090
_c
30845
_d
30845
942
_a
NUST-CAE
_c
M
_c
23164
999
_c
282921
_d
282921